Statistics for 100 Biggest Cities That Aren't World Capitals On A Map

Click here to take the quiz!

General Stats

  • This quiz has been taken 1,725 times
  • The average score is 67 of 100

Answers on the Map

Answers color-coded by a green-red scale on the quiz's map according to % correct below.
 

Answer Stats

PopulationCity% Correct
17,800,000Los Angeles
98%
22,400,000New York
98%
4,730,000Barcelona
97%
15,800,000Istanbul
97%
13,100,000Rio de Janeiro
97%
9,750,000Chicago
96%
6,350,000Miami
96%
5,600,000Saint Petersburg
96%
7,850,000San Francisco
96%
5,200,000Milan
95%
22,200,000São Paulo
95%
5,200,000Sydney
95%
7,100,000Dallas
94%
6,600,000Houston
94%
4,230,000Naples
94%
4,380,000Seattle
94%
35,900,000Shanghai
94%
4,850,000Melbourne
93%
24,700,000Mumbai
93%
7,350,000Toronto
93%
5,700,000Alexandria
92%
7,650,000Boston
92%
17,700,000Osaka
92%
4,900,000Dubai
91%
5,800,000Atlanta
90%
5,700,000Detroit
90%
18,800,000Lagos
90%
3,330,000San Diego
90%
3,700,000Denver
89%
7,350,000Philadelphia
89%
4,580,000Phoenix
89%
4,430,000Casablanca
88%
4,250,000Montreal
88%
3,380,000Orlando
88%
8,600,000Ho Chi Minh City
87%
45,600,000Guangzhou
85%
16,600,000Kolkata
85%
17,300,000Karachi
84%
4,300,000Tampa
84%
5,250,000Guadalajara
83%
7,450,000Hong Kong
82%
8,850,000Wuhan
81%
11,000,000Chennai
77%
4,780,000Jeddah
77%
6,150,000Dar es Salaam
76%
12,600,000Lahore
76%
3,950,000Medellin
76%
6,800,000Xi'an
75%
11,800,000Bangalore
74%
9,850,000Hyderabad
73%
4,980,000Belo Horizonte
72%
4,130,000Busan
72%
4,930,000Monterrey
72%
3,380,000Durban
69%
10,500,000Nagoya
68%
5,500,000Yangon
66%
13,200,000Tianjin
65%
3,830,000Recife
64%
8,250,000Ahmedabad
63%
9,800,000Chengdu
63%
5,450,000Abidjan
61%
9,900,000Xiamen
61%
3,580,000Salvador
60%
8,050,000Chongqing
58%
4,550,000Kano
58%
6,700,000Nanjing
58%
3,980,000Urumqi
58%
4,830,000Chittagong
57%
4,100,000Porto Alegre
57%
3,650,000Fortaleza
56%
6,700,000Pune
55%
6,000,000Surabaya
53%
5,150,000Harbin
52%
3,850,000Jaipur
50%
6,850,000Bandung
49%
8,300,000Hangzhou
46%
3,630,000Lucknow
45%
5,950,000Qingdao
44%
3,380,000Curitiba
43%
6,350,000Surat
41%
4,550,000Dalian
37%
4,250,000Fuzhou
37%
3,480,000Ibadan
37%
3,950,000Medan
37%
7,900,000Shenyang
37%
3,580,000Faisalabad
36%
4,830,000Hefei
34%
5,350,000Zhengzhou
34%
4,750,000Changsha
33%
4,050,000Kunming
32%
3,350,000Nanning
29%
7,700,000Shantou
29%
5,250,000Wenzhou
28%
3,430,000Kanpur
25%
4,250,000Jinan
22%
3,650,000Changchun
19%
4,400,000Shijiazhuang
18%
4,130,000Taiyuan
18%
3,450,000Zibo
17%
3,830,000Nanchang
14%

Score Distribution

Percentile by Number Answered

Percent of People with Each Score

Your Score History

You have not taken this quiz